El dios de las pequeñas cosas / (Registro nro. 2966)
[ vista simple ]
| 000 -CABECERA | |
|---|---|
| Longitud fija campo de control | 00736nam a2200253 a 4500 |
| 003 - • IDENTIFICADOR DELl NÚMERO DE CONTROL | |
| Identificador del número de control | CO-ViMGA |
| 008 - • CÓDIGOS DE INFORMACIÓN DE LONGITUD FIJA | |
| Códigos de información de longitud fija | 141112s2004 ck r 000 u spa d |
| 020 ## - • NÚMERO INTERNACIONAL NORMALIZADO PARA LIBROS | |
| Número Internacional Normalizado para Libros (ISBN) | 8433966715 |
| 040 ## - FUENTE DE LA CATALOGACIÓN | |
| Centro catalogador de origen | CO-ViMGA |
| Lengua de catalogación | spa |
| Centro transcriptor | CO-ViMGA |
| 041 ## - • CÓDIGO DE LENGUA | |
| Código de lengua del texto/banda sonora o título independiente | SPA |
| 100 1# - • PUNTO DE ACCESO PRINCIPAL-NOMBRE DE PERSONA | |
| Nombre de persona | Roy, Arundhati |
| 245 10 - • TITULO PROPIAMENTE DICHO | |
| Título | El dios de las pequeñas cosas / |
| Mención de responsabilidad, etc. | Arundhati Roy ; traducción de Cecilia Ceriani y Txaro Santoro |
| 250 ## - • MENCIÓN DE EDICIÓN | |
| Mención de edición | 9a ed. |
| 300 ## - • DESCRIPCIÓN FÍSICA | |
| Extensión | 382 p. |
| 490 ## - • MENCIÓN DE SERIE | |
| Mención de serie | Compactos |
| 650 14 - • PUNTO DE ACCESO ADICIONAL DE MATERIA - TÉRMINO DE MATERIA | |
| Término de materia o nombre geográfico como elemento inicial | AUTORES INDIOS |
| 650 14 - • PUNTO DE ACCESO ADICIONAL DE MATERIA - TÉRMINO DE MATERIA | |
| Término de materia o nombre geográfico como elemento inicial | CONFLICTO ENTRE GENERACIONES |
| 650 14 - • PUNTO DE ACCESO ADICIONAL DE MATERIA - TÉRMINO DE MATERIA | |
| Término de materia o nombre geográfico como elemento inicial | FAMILIA - NOVELA |
| 700 1# - • PUNTO DE ACCESO ADICIONAL - NOMBRE DE PERSONA | |
| Nombre de persona | Santoro, Txaro Ceriani, Cecilia |
| 942 ## - ENTRADA DE ELEMENTOS AGREGADOS (KOHA) | |
| Fuente de clasificaión o esquema | Dewey Decimal Classification |
| Koha [por defecto] tipo de item | LIbro |
| Perdido | Fuente de clasificación o esquema | Estado Físico | No para préstamo | Forma de adquisición | Localización permanente | Localización actual | Localización en estanterías | Fecha adquisición | Préstamos totales | Signatura completa | Código de barras | Fecha última consulta | Número de copia | Fecha del precio de reemplazo | Tipo de item de Koha | Serie de enumeración / cronolog&íacute;a |
|---|---|---|---|---|---|---|---|---|---|---|---|---|---|---|---|---|
| Dewey Decimal Classification | Colección General | Biblioteca Pública Cubarral | Biblioteca Pública Cubarral | Literatura | 08/01/2023 | N ROY1 | CUB01503 | 08/01/2023 | Ej.1 | 08/01/2023 | Libro Literatura | |||||
| Dewey Decimal Classification | Colección General | Biblioteca Pública Dorado | Biblioteca Pública Dorado | Literatura | 02/21/2023 | NROY1 | DOR01780 | 02/21/2023 | Ej.1 | 02/21/2023 | Libro Literatura | |||||
| Dewey Decimal Classification | Colección General | Biblioteca Pública Puerto López - Jorge Eliecer Gaitán | Biblioteca Pública Puerto López - Jorge Eliecer Gaitán | General | 09/19/2025 | PLZ03980 | 09/19/2025 | Ej.1 | 09/19/2025 | LIbro | ||||||
| Dewey Decimal Classification | Colección General | Biblioteca Pública El Castillo - Alfonso Meneses | Biblioteca Pública El Castillo - Alfonso Meneses | Literatura | 07/12/2023 | N ROY1 | EC02193 | 07/12/2023 | Ej.1 | 07/12/2023 | Libro Literatura | |||||
| Dewey Decimal Classification | Colección General | Biblioteca Pública Barranca de Upia - María Dolores Herrera | Biblioteca Pública Barranca de Upia - María Dolores Herrera | Literatura | 09/15/2023 | N ROY1 | BUP00393 | 09/15/2023 | Ej.1 | 09/15/2023 | Libro Literatura | |||||
| Dewey Decimal Classification | Colección General | Biblioteca Pública Cabuyaro | Biblioteca Pública Cabuyaro | Literatura | 07/04/2023 | NROY1 | CAB000470 | 07/04/2023 | Ej.1 | 07/04/2023 | Libro Literatura | |||||
| Dewey Decimal Classification | Sala General Segundo Piso | Biblioteca Pública Germán Arciniegas - Villavicencio | Biblioteca Pública Germán Arciniegas - Villavicencio | 12/04/2015 | N ROY1 | 25197 | 12/04/2015 | Ej. 1 | 12/04/2015 | LIbro | 27/jun/2012 | |||||
| Dewey Decimal Classification | Colección General | Biblioteca Pública Guamal | Biblioteca Pública Guamal | Literatura | 02/02/2023 | NROY1 | GUA000438 | 02/02/2023 | Ej.1 | 02/02/2023 | Libro Literatura | |||||
| Dewey Decimal Classification | Sala General | Biblioteca Pública Mapiripan | Biblioteca Pública Mapiripan | Literatura | 01/12/2024 | N ROY1 | MAP00001926 | 01/12/2024 | Ej.1 | 01/12/2024 | LIbro | |||||
| Dewey Decimal Classification | Colección General | Biblioteca Pública Uribe - Reinerio Arenas | Biblioteca Pública Uribe - Reinerio Arenas | Literatura | 12/03/2024 | N ROY1 | URI01806 | 12/03/2024 | Ej.1 | 12/03/2024 | Libro Literatura |